Sports Quiz

Random Sports or NFL Quiz

2019 NFL Skill Positions Quiz Stats

 Plays Quiz not verified by Sporcle

Score 0/160 Timer 20:00
0 Plays Today
Team/Position Answer % Correct
Cardinals RBDavid Johnson
98.6%
Lions RBKerryon Johnson
98.6%
Jets CBTrumaine Johnson
98.6%
Falcons WRJulio Jones
97.6%
Cowboys CBBryon Jones
97.6%
Packers RBAaron Jones
97.6%
Eagles CBSidney Jones
97.6%
Cardinals QB Kyler Murray
96.6%
Falcons QBMatt Ryan
96.6%
Cardinals WRLarry Fitzgerald
96.1%
Ravens QBLamar Jackson
96.1%
Titans CBLogan Ryan
96.1%
Ravens WRMarquise Brown
95.7%
Bills WR John Brown
95.7%
Raiders WR Antonio Brown
95.7%
Falcons RBDevota Freeman
95.2%
Panthers QBCam Newton
94.2%
Bills QBJosh Allen
93.7%
Chargers WRKeenan Allen
93.7%
Cardinals CBPatrick Peterson
93.2%
Ravens CB Jimmy Smith
90.8%
Bengals QBAndy Dalton
90.3%
Ravens RBMark Ingram
89.9%
Bears QBMitchell Trubisky
89.9%
Bengals WRA.J. Green
89.9%
Panthers TEGreg Olsen
89.4%
Browns QBBaker Mayfield
89.4%
Packers QBAaron Rodgers
88.9%
Falcons TEAustin Hooper
88.4%
Bengals RB Joe Mixon
88.4%
Texans QBDeshaun Watson
87.4%
Patriots TEBenjamin Watson
87.4%
Browns RBNick Chubb
87%
Cowboys QBDak Prescott
87%
Lions QBMatthew Stafford
86.5%
Bears WRAllen Robinson
86%
Cowboys RBEzekiel Elliott
85.5%
Broncos WREmmanuel Sanders
85.5%
Packers WRDavante Adams
85.5%
Eagles RBMIles Sanders
85.5%
Packers TEJimmy Graham
85%
Colts WRT.Y Hilton
85%
Jaguars RB Lenoard Fournette
85%
Chiefs QB Patrick Mahomes
85%
Chiefs WRTyreek Hill
85%
Chiefs TETravis Kelce
85%
Rams QBJared Goff
85%
Vikings RBDalvin Cook
85%
Saints TEJared Cook
85%
Raiders QBDerek Carr
85%
Cowboys WRAmari Cooper
84.5%
Broncos QBJoe Flacco
84.5%
Texans WRDeAndre Hopkins
84.5%
Chargers QBPhilip Rivers
84.5%
Team/Position Answer % Correct
Cowboys TEJason Witten
84.1%
Colts QB Jacoby Brissett
84.1%
Jaguars QBNick Foles
84.1%
Rams RBTodd Gurley
84.1%
Chargers RBMelvin Gordon
83.6%
Chargers TE Hunter Henry
83.6%
Patriots QBTom Brady
83.6%
Patriots WRJulian Edelman
83.6%
Saints WRMichael Thomas
83.6%
Titans RBDerrick Henry
83.6%
Bengals TETyler Eifert
83.1%
Saints QBDrew Brees
83.1%
Saints RBAlvin Kamara
83.1%
Giants RBSaquon Barkley
83.1%
Giants QBEli Manning
82.6%
Eagles QBCarson Wentz
82.6%
Colts TEEric Ebron
82.1%
Chiefs RBLeSean McCoy
82.1%
Broncos RBPhillip Lindsay
81.6%
Rams WRRobert Woods
81.6%
Dolphins QBRyan Fitzpatrick
81.6%
Vikings QBKirk Cousins
81.6%
Jets QBSam Darnold
81.6%
Jets RBLe'Veon Bell
81.6%
Panthers WRDJ Moore
81.2%
Dolphins CBXavien Howard
81.2%
Seahawks QB Russell WIlson
81.2%
Buccaneers TEO.J. Howard
81.2%
Browns TEDavid Njoku
80.7%
Colts CBKenny Moore
80.7%
Vikings WRAdam Thielen
80.7%
Buccaneers QB Jameis Winston
80.7%
Patriots RBSony Michel
80.2%
Eagles TEZach Ertz
80.2%
Bears RBDavid Montgomery
79.7%
Colts RBMarlon Mack
79.7%
Vikings TE Kyle Rudolph
79.7%
Panthers RBChristian McCaffrey
79.2%
Giants TEEvan Engram
79.2%
Buccaneers WRMike Evans
79.2%
Jaguars CBJalen Ramsey
78.7%
Jets WR Robby Anderson
78.7%
Titans QBMarcus Mariota
78.7%
Steelers RBJames Conner
78.3%
Dolphins RBKenyan Drake
77.8%
Steelers WRJuJu Smith-Schuster
77.8%
Steelers QBBen Roethlisberger
77.3%
Giants WRSterling Shepard
76.8%
49ers QB Jimmy Garoppolo
76.8%
Redskins QBCase Keenum
76.8%
Raiders RB Josh Jacobs
76.3%
Lions WRKenny Golladay
75.8%
Eagles WRAlshon Jeffery
75.8%
Ravens TE Mark Andrews
75.4%
Team/Position Answer % Correct
Seahawks RBChris Carson
74.9%
49ers TEGeorge Kittle
74.4%
Redskins TEJordan Reed
74.4%
Bears TETrey Burton
73.9%
Saints CBMarshon Lattimore
73.9%
Titans WRCorey Davis
73.9%
Titans TEDelanie Walker
73.9%
Seahawks WRTyler Lockett
73.4%
Patriots CBStephon Gilmore
72.5%
49ers CB Richard Sherman
71.5%
Bills RBDevin Singletary
70.5%
Steelers TEVance McDonald
70.5%
Redskins RBDerrius Guice
70.5%
49ers RBTevin Coleman
70%
Bears CB Kyle Fuller
69.6%
Chiefs CB Kendall Fuller
69.6%
Lions TET.J. Hockenson
69.1%
Bills CB Tre'Davious White
68.1%
Jaguars WRDede Westbrook
67.6%
Vikings CB Xavier Rhodes
67.6%
Redskins CBJosh Norman
67.6%
Dolphins WRDeVante Parker
67.1%
Rams CBAqib Talib
66.7%
Buccaneers RB Peyton Barber
66.7%
Browns CBDenzel Ward
66.2%
Cardinals TECharles Clay
62.8%
Falcons CBDesmond Trufant
62.8%
49ers WR Dante Pettis
61.4%
Browns WROdell Beckham Jr.
60.9%
Broncos TENoah Fant
58.5%
Raiders TE Darren Waller
54.1%
Chargers CBCasey Hayward
53.1%
Steelers CBJoe Haden
53.1%
Broncos CBChris Harris Jr
51.2%
Rams TETyler Higbee
49.8%
Packers CBJaire Alexander
47.8%
Seahawks CBShaquill Griffin
47.8%
Seahawks TE Will Dissly
46.4%
Redskins WRPaul Richardson
46.4%
Lions CBDarius Slay Jr
44.9%
Texans RBDuke Johnson Jr
44.4%
Jets TE Chris Herndon
42.5%
Dolphins TEMike Gesicki
40.6%
Texans CBJohnathan Joseph
36.7%
Raiders CBGareon Conley
33.3%
Bengals CBDre Kirkpatrick
32.9%
Panthers CBJames Bradberry
30.9%
Giants CBDeandre Baker
30.9%
Buccaneers CBVernon Hargreaves
28%
Bills TE Tyler Kroft
24.2%
Texans TEJordan Akins
12.1%
Jaguars TEGeoff Swaim
12.1%

You're not logged in!

Compare scores with friends on all Sporcle quizzes.
OR
Log In

Sporcle TV

Today on Sporcle TV


Watch our educational content, quiz creation guides, and fun videos on Sporcle TV.

Show Comments

Extras

Created Sep 5, 2019ReportNominate
Tags:NFL Quiz, 2019, position, skill, team

Top Quizzes Today


Score Distribution

Your Account Isn't Verified!

In order to create a playlist on Sporcle, you need to verify the email address you used during registration. Go to your Sporcle Settings to finish the process.

Report this User

Report this user for behavior that violates our Community Guidelines.

Details: